00678nam a2200205Ia 4500008004000000020001800040041000800058082001600066100001700082245003200099260005000131300001200181650001100193650001700204650001200221690002200233906001100255999001900266952018700285210210b2010 xxu||||| |||| 00| 0 eng d a9788126145553 aeng a341.23 MATU aMathur (Y S) aUnited nations organisation aNew DelhibAnmol Publications Pvt. Ltd.c2010 avii,276 aUnited aorganisation anations aInternational Law a066858 c149308d149308 001040708Political ScienceaALbALcPolitical Scienced2021-02-17ePrajwal Book Distributors, Bangalore-560061g150.00l0o341.23 MATUp066858r2021-02-17 00:00:00w2021-02-17yBK